25-26 Serie A Teams - Statistics

General Stats
  • This quiz has been taken 15 times
  • The average score is 16 of 20
Answer Stats
Answer % Correct
AC Milan
100%
AS Roma
100%
Inter Milan
100%
Juventus FC
100%
ACF Fiorentina
91%
SSC Napoli
91%
Como 1907
82%
SS Lazio
82%
Torino FC
82%
Udinese Calcio
82%
Atalanta BC
73%
Cagliari Calcio
73%
Genoa CFC
73%
Hellas Verona FC
73%
US Cremonese
73%
Bologna FC
64%
Pisa SC
64%
US Lecce
64%
US Sassuolo
64%
Parma Calcio
45%
No matching quizzes found
Score Distribution
Percent of People with Each Score
Percentile by Number Answered
Your Score History
You have not taken this quiz